书目信息 |
| 题名: |
科技成果与技术市场管理文件汇编
|
|
| 作者: | ;河北省科学技术厅科技成果与技术市场管理处 | |
| 分册: | ||
| 出版信息: | 2003.50 |
|
| 页数: | 382页 | |
| 开本: | 29cm | |
| 丛书名: | ||
| 单 册: | ||
| 中图分类: | N01 | |
| 科图分类: | ||
| 主题词: | 科技政策 , 自然科学--科学研究--方针政策 , 自然科学--科学研究--方针 , 科学技术方针 , 自然科学--科学研究--法令 , 自然科学--科学研究--政策 | |
| 电子资源: | ||
| ISBN: | ||
| 000 | 00938nam0 2200241 450 | |
| 001 | 1738956598 | |
| 005 | 20170518110421.82 | |
| 010 | @dCNY | |
| 100 | @a20170518d km y0chiy0120 ea | |
| 101 | 0 | @achi |
| 200 | 1 | @a科技成果与技术市场管理文件汇编@Ake ji cheng guo yu ji shu shi chang guan li wen jian hui bian@f河北省科学技术厅科技成果与技术市场管理处@Fhe bei sheng ke xue ji shu ting ke ji cheng guo yu ji shu shi chang guan li chu |
| 210 | @d2003.50 | |
| 215 | @a382页@d29cm | |
| 606 | 0 | @a科技政策 |
| 606 | 0 | @a自然科学@x科学研究@x方针政策 |
| 606 | 0 | @a自然科学@x科学研究@x方针 |
| 606 | 0 | @a科学技术方针 |
| 606 | 0 | @a自然科学@x科学研究@x法令 |
| 606 | 0 | @a自然科学@x科学研究@x政策 |
| 690 | @aN01@v4 | |
| 711 | 02 | @a河北省科学技术厅科技成果与技术市场管理处@Ahe bei sheng ke xue ji shu ting ke ji cheng guo yu ji shu shi chang guan li chu |
| 801 | 0 | @aCN@b大连网信软件有限公司图书馆·11@c20170518 |
| 905 | @b1051199@dN01@e219@f2 | |
| 科技成果与技术市场管理文件汇编/河北省科学技术厅科技成果与技术市场管理处.-2003.50 |
| 382页;29cm |
| ISBN :CNY |
| ● |
| 相关链接 |
|
|
|
|
正题名:科技成果与技术市场管理文件汇编
索取号:N01/219
 
预约/预借
| 序号 | 登录号 | 条形码 | 馆藏地/架位号 | 状态 | 备注 |
| 1 | 1051199 | 210511999 | 第三借阅区/ [索取号:N01/219] | 在馆 | |
| 2 | 1051200 | 210512006 | 第二样本阅览室/ [索取号:N01/219] | 在馆 |